| 000 | 00657pam a2200217 i 4500 | ||
|---|---|---|---|
| 001 | 344586 | ||
| 005 | 20241125182858.0 | ||
| 008 | 761210s1977 pauaf b 001 0 eng | ||
| 020 | _a0721689299 | ||
| 050 | 0 | 0 |
_aQC21.2 _b.T87 |
| 082 | 0 | 0 | _a500.2 |
| 100 | 1 | _aTurk, Jonathan. | |
| 245 | 1 | 0 |
_aPhysical science : _bwith environmental and other practical applications / _cJonathan Turk, Amos Turk. |
| 260 |
_aPhiladelphia : _bW. B. Saunders Co. _c1977. |
||
| 300 |
_axii, 595 p., [6] leaves of plates : _bill. ; _c27 cm. |
||
| 650 | 0 | _aPhysics. | |
| 650 | 0 | _aGeophysics. | |
| 650 | 0 | _aPollution. | |
| 700 | 1 |
_aTurk, Amos, _ejoint author. |
|
| 942 |
_2lcc _cBK _n0 |
||
| 999 |
_c1540 _d1540 |
||